000 00628nam a22001817a 4500
999 _c12533
_d12533
008 190130b ||||| |||| 00| 0 eng d
020 _a971-542-291-8
082 _22001
_aDFil 899.211
_bP53
245 _aThe story of teh flloodd and the first people:(Igorot)
_bAn Ambaguio legend
_cDamiana Eugenio [Compiler and Editor]
260 _aQuezon City:
_bUP Press;
_c©2001
300 _aPage 234;
_c22.5 cm.
500 _aPhilippine folk literature: The myths
650 _aMythology
_935354
650 _aLegends
_935355
650 _aPhilippine folk literature (English)
_935356
650 _aFolklore
_935357
942 _2ddc
_cDFIL